000 00365nam a2200133Ia 4500
008 240624s9999 xx 000 0 und d
041 _aeng
082 _a658.8342 McQ
100 _aMCQUARRIE EDWARD F
245 _aNEW CONSUMER ONLINE A SOCIOLOGY OF TASTE
260 _c2015
_aUnited Kingdom
_bEdward Elgar
300 _ax, : 265 : p. : cm. ; 24
365 _cGBP
_b30
999 _c26722
_d26722